Score 0/216 Timer 20:00
0 Plays Today
Year Film % Correct
2019Avengers: Endgame
93%
2009Avatar
88.6%
2018Avengers: Infinity War
88.6%
{1997}Titanic
88.2%
2012The Avengers
88%
2015Avengers: Age of Ultron
85.4%
2018Black Panther
85.3%
2019The Lion King
85.1%
{1977}Star Wars: A New Hope
84.7%
2008Iron Man
84%
2002Spider-Man
83.8%
2019Spider-Man: Far From Home
83.6%
*2019Toy Story 4
82.8%
2010Iron Man 2
82.5%
2013Iron Man 3
82.1%
1989Batman
81.9%
2008The Dark Knight
81.3%
2004Spider-Man 2
80.9%
2015Star Wars: The Force Awakens
80.6%
2019Star Wars: The Rise of Skywalker
80.6%
2017Thor: Ragnarok
80.4%
2007Spider-Man 3
80.2%
*2010Toy Story 3
80%
2019Aladdin
79.4%
2016Captain America: Civil War
79%
2019Captain Marvel
78.8%
2017Star Wars: The Last Jedi
78.6%
{1980}Star Wars: The Empire Strikes Back
78.4%
*{1999}Toy Story 2
78.1%
2017Spider-Man: Homecoming
77.8%
2012The Dark Knight Rises
77.8%
{1983}Star Wars: Return of the Jedi
77.6%
2014Captain America: The Winter Soldier
77%
{1999}Star Wars: The Phantom Menace
76.5%
*{1994}The Lion King
76.3%
2012The Amazing Spider-Man
76.1%
2015Jurassic World
75.9%
*2019Frozen II
75.5%
2013Thor: The Dark World
75.4%
2017Wonder Woman
75.3%
2018Ant-Man & the Wasp
74.5%
{2005}Star Wars: Revenge of the Sith
74.4%
{2002}Star Wars: Attack of the Clones
74.3%
*2018Incredibles 2
74.2%
2018Aquaman
74.1%
2014The Amazing Spider-Man 2
74%
{1993}Jurassic Park
73.7%
{2005}Batman Begins
73.7%
2017Guardians of the Galaxy Vol. 2
73.6%
2016Batman v Superman: Dawn of Justice
73.2%
*2013Frozen
72.9%
2010Harry Potter and the Deathly Hallows Part 1
72.6%
2014Guardians of the Galaxy
72.4%
{2002}The Lord of the Rings: The Two Towers
72.3%
2017Beauty and the Beast
72.1%
2019Joker
71.8%
{2003}The Lord of the Rings: The Return of the King
71.6%
2005Harry Potter and the Goblet of Fire
71.6%
2017Justice League
71.4%
2004Harry Potter and the Prisoner of Azkaban
71.1%
*2001Shrek
71%
{2001}The Lord of the Rings: The Fellowship of the Ring
70.9%
2002Harry Potter and the Chamber of Secrets
70.9%
*2004The Incredibles
70.8%
{2018}Deadpool 2
70.8%
2007Harry Potter and the Order of the Phoenix
70.7%
*2016Finding Dory
70.4%
*{2003}Finding Nemo
70.4%
2009Harry Potter and the Half-Blood Prince
70.4%
2016Deadpool
70.4%
2001Harry Potter and the Sorcerer's Stone
70.3%
*2004Shrek 2
70.2%
Year Film % Correct
*2009Up
69.6%
{1982}E.T.: The Extra-Terrestrial
69.4%
*2007Shrek the Third
69.1%
2016Doctor Strange
69.1%
2011Harry Potter and the Deathly Hallows Part 2
69%
2006X-Men: The Last Stand
69%
2016Rogue One: A Star Wars Story
69%
2018Jurassic World: Fallen Kingdom
68.9%
*{1991)Beauty and the Beast
68.8%
2003X2: X-Men United
68%
2017Logan
67.7%
2013Man of Steel
67.5%
*2006Cars
67.4%
*1992Aladdin
67.4%
2018Solo: A Star War Story
67.3%
2012The Hunger Games
67%
2003Pirates of the Caribbean: The Curse of the Black Pearl
67%
2006Pirates of the Caribbean: Dead Man's Chest
66.9%
2007Transformers
66.8%
{1981}Raiders of the Lost Ark
66.6%
1997The Lost World: Jurassic Park
66.6%
*2010Shrek Forever After
66.4%
2016Suicide Squad
66.2%
*{2001}Monsters, Inc.
65.5%
2011Transformers: Dark of the Moon
65.1%
2012The Hobbit: An Unexpected Journey
65.1%
2007Pirates of the Caribbean: At World's End
65%
2009Transformers: Revenge of the Fallen
64.8%
2018Mission Impossible: Fallout
64.7%
2019It: Chapter Two
64.5%
2014X-Men: Days of Future Past
64.5%
2015Furious 7
64.2%
1975Jaws
64%
{1994}Forrest Gump
63.4%
*2018Ralph Breaks the Internet
63.5%
2014The Hobbit: The Battle of the Five Armies
63.3%
2014The Hunger Games: Mockingjay Part 1
63.2%
2014Transformers: Age of Extinction
63.2%
2013The Hobbit: The Desolation of Smaug
63.1%
2011Pirates of the Caribbean: On Stranger Tides
62.6%
*2008Wall-E
62.5%
*2015Inside Out
62.4%
2017The Fate of the Furious
62.4%
2015The Hunger Games: Mockingjay Part 2
62.3%
*2013Monsters University
61.9%
2018Venom
61.7%
2019Jumanji: The Next Level
61.1%
2013The Hunger Games: Catching Fire
61.1%
*2012Brave
61.1%
1990Ghost
60.5%
{1991}Terminator 2: Judgment Day
60%
*2015Minions
59.8%
*2017Despicable Me 3
59.4%
2008Indiana Jones and the Kingdom of the Crystal Skull
59.1%
2009The Twilight Saga: New Moon
58.8%
*2010Despicable Me
58.7%
*2016Zootopia
58.6%
2000Mission: Impossible II
58.2%
2011Fast Five
58.2%
2020Bad Boys for Life
58.1%
2010Inception
58.1%
*2016Moana
58%
*2010Tangled
57.9%
2011Mission: Impossible - Ghost Protocol
57.8%
*2007Ratatouille
57.7%
2006Superman Returns
57.6%
*2013Despicable Me 2
57.5%
2010The Twilight Saga: Eclipse
57.4%
2016The Jungle Book
57.4%
{1996}Independence Day
57.3%
2012Skyfall
57.2%
2009Star Trek
57.2%
Year Film % Correct
2015Spectre
57%
2011The Twilight Saga: Breaking Dawn Part 1
57%
1997Men in Black
56.9%
2003The Matrix Reloaded
56.3%
2013Fast & Furious 6
55.7%
*2017Coco
55.3%
2013Star Trek Into Darkness
54%
{1984}Ghostbusters
53.2%
2017Jumanji: Welcome to the Jungle
53%
1998Saving Private Ryan
52.9%
*2012Madagascar 3: Europe's Most Wanted
52.9%
2017It
52.8%
*2014Big Hero 6
52.8%
*2014The LEGO Movie
52.6%
2012The Twilight Saga: Breaking Dawn Part 2
52.6%
*2016The Secret Life of Pets
52.2%
2009The Hangover
51.9%
2018Bohemian Rhapsody
51.6%
2015Cinderella
51.2%
1985Back to the Future
51.1%
2010Alice in Wonderland
50.9%
1990Home Alone
50.4%
*2018Dr. Seuss' The Grinch
49.3%
2016Fantastic Beasts and Where to Find Them
49%
2011The Hangover Part II
49%
{2004}The Passion of the Christ
48.9%
2014Godzilla
48.8%
*2008Kung Fu Panda
48.4%
2014Maleficent
48.2%
2018A Star is Born
48.1%
1999The Sixth Sense
48%
2005King Kong
48%
2014American Sniper
47.7%
2013Gravity
47.6%
1998Armageddon
47.3%
*2010How To Train Your Dragon
47.2%
2007300
46.8%
2007I Am Legend
46.5%
2005The Chronicles of Narnia: The Lion, the Witch and the Wardrobe
46.4%
*2016Sing
45.9%
2005War of the Worlds
45.9%
2015The Martian
45.2%
{1973}The Exorcist
45.1%
2009Sherlock Holmes
44.8%
2008Hancock
44.6%
1984Beverly Hills Cop
44.5%
2000Cast Away
44%
2006Night at the Museum
43.5%
2007The Bourne Ultimatum
43%
2004Meet the Fockers
42.9%
2009The Blind Side
42.4%
2000How the Grinch Stole Christmas
42.3%
2006The Da Vinci Code
42.2%
2013World War Z
42.1%
1996Twister
41.1%
2002Signs
40.5%
2007Alvin and the Chipmunks
40.1%
2003Bruce Almighty
39.7%
2001The Mummy Returns
39.7%
2002My Big Fat Greek Wedding
39.4%
2014Dawn of the Planet of the Apes
39.3%
2009Alvin and the Chipmunks: The Squeakquel
39%
1999Austin Powers: The Spy Who Shagged Me
38.8%
2002Austin Powers in Goldmember
38.6%
2007National Treasure: Book of Secrets
38.4%
2005Charlie and the Chocolate Factory
38.3%
2012Ted
38%
*2012Dr. Seuss' The Lorax
37.9%
2001Rush Hour 2
37.6%
2005Wedding Crashers
37.6%
1993Mrs. Doubtfire
37.5%
2013Oz The Great and Powerful
34.6%
Remove Ads.
Support Sporcle.
Get the best of Sporcle when you Go Orange. This ad-free experience offers more features, more stats, and more fun while also helping to support Sporcle. Thank you for becoming a member.

You're not logged in!

Compare scores with friends on all Sporcle quizzes.
OR
Log In

Sporcle TV

Today on Sporcle TV


Watch our educational content, quiz creation guides, and fun videos on Sporcle TV.

Show Comments

Extras

Top Quizzes Today


Score Distribution

Paid Content

Your Account Isn't Verified!

In order to create a playlist on Sporcle, you need to verify the email address you used during registration. Go to your Sporcle Settings to finish the process.

Report this User

Report this user for behavior that violates our Community Guidelines.

Details: